000 00479nam a2200121Ia 4500
008 220615s9999||||xx |||||||||||||| ||und||
100 _aGeorgiana Ileana Badea||Gabriel Lucian Radu
245 0 _aCarboxylic Acid - Key Role in Life Sciences
546 _aEnglish[eng]
650 _aPhysical Sciences||Engineering and Technology||Chemistry||Bioorganic Chemistry||Organic Chemistry
856 _uhttps://www.intechopen.com/books/carboxylic-acid-key-role-in-life-sciences
942 _cEB
999 _c8339
_d8339